BIBLIOTECA PODER JUDICIAL
Portal Judicial TDF

El rol del juez y perspectiva de género / (Registro nro. 6463)

000 -LEADER
fixed length control field 01100nab a22002297a 4500
003 - CONTROL NUMBER IDENTIFIER
control field OSt
005 - DATE AND TIME OF LATEST TRANSACTION
control field 20260209092400.0
008 - FIXED-LENGTH DATA ELEMENTS--GENERAL INFORMATION
fixed length control field 190506c xxu||||| |||| 00| 0 spa d
040 ## - CATALOGING SOURCE
Transcribing agency PJ
100 ## - MAIN ENTRY--PERSONAL NAME
9 (RLIN) 7086
Personal name Berón, Mariela
245 13 - TITLE STATEMENT
Title El rol del juez y perspectiva de género /
Statement of responsibility, etc Mariela Berón.
260 ## - PUBLICATION, DISTRIBUTION, ETC. (IMPRINT)
Place of publication, distribution, etc Buenos Aires :
Name of publisher, distributor, etc AbeledoPerrot,
Date of publication, distribution, etc 2025.
300 ## - PHYSICAL DESCRIPTION
Extent p. 42-49
500 ## - GENERAL NOTE
General note Cita: TR LALEY AR/DOC/80/2025<br/><br/>
505 ## - FORMATTED CONTENTS NOTE
Formatted contents note Sumario: I. Introducción.— II. Reflexiones previas.— III. Premisas y propuestas.— IV. El nuevo art. 245 bis de la LCT vs. inversión de la carga probatoria a partir del aporte de indicios.— V. Amplitud probatoria. Nuevamente indicios (graves, precisos, concordantes).— VI. Conclusiones.
505 ## - FORMATTED CONTENTS NOTE
Title ¿Te interesa el texto completo? Comunicate al correo: koha@justierradelfuego.gov.ar
650 #0 - SUBJECT ADDED ENTRY--TOPICAL TERM
9 (RLIN) 1316
Topical term or geographic name as entry element DERECHO LABORAL
650 #0 - SUBJECT ADDED ENTRY--TOPICAL TERM
9 (RLIN) 1146
Topical term or geographic name as entry element JUECES
650 #0 - SUBJECT ADDED ENTRY--TOPICAL TERM
9 (RLIN) 4044
Topical term or geographic name as entry element PERSPECTIVA DE GÉNERO
773 0# - HOST ITEM ENTRY
Host Biblionumber 2751
Host Itemnumber 3202
Place, publisher, and date of publication Buenos Aires : AbeledoPerrot, 2013-
Title Revista de derecho laboral y seguridad social. Nº 4 - Febrero 2025
942 ## - ADDED ENTRY ELEMENTS (KOHA)
Source of classification or shelving scheme
Koha item type Analítica Artículo de Revista

No hay ítems disponibles.

12 de Octubre 789 Ushuaia - Tel:  54(02901)441571
Horario de Atención: 8.00 a 17.00 hs. 
bibliotecaush@justierradelfuego.gov.ar
koha@justierradelfuego.gov.ar
Seguinos en nuestras redes @bibliojustdf 

Con tecnología Koha